| 000 | 00000nam##2200000za#4500 |
| 001 | 9.610796 |
| 003 | CaOODSP |
| 005 | 20200401023012 |
| 007 | ta |
| 008 | 150406|1994||||xxc||||| f|0| 0 eng|d |
| 020 | |a0-662-21166-9 |
| 040 | |aCaOODSP|beng |
| 043 | |an-cn--- |
| 086 | 1 |aCi95-52/3-1993E |
| 110 | 1 |aCanada.|bCanadian Heritage. |bMulticulturalism. |
| 245 | 10|aMusic in Canada|cby Kashtin et al. |
| 260 | |aOttawa - Ontario : |bCanadian Heritage. |c1994. |
| 300 | |av, 41p. : |breferences ; |c28 cm. |
| 490 | 1 |aArtSource |
| 563 | |aSoftcover |
| 590 | |a94-15|b1994-04-15 |
| 690 | 07|aArts|2gcpds |
| 690 | 07|aMusic industry|2gcpds |
| 720 | 1 |aKashtin, |
| 776 | 0#|tMusic in Canada|w(CaOODSP)9.580290 |
| 830 | #0|aArtSource.|w(CaOODSP)9.514497 |